Crossing borders : (Record no. 144919)

MARC details
000 -LEADER
fixed length control field 00727nam a22002177a 4500
005 - DATE AND TIME OF LATEST TRANSACTION
control field 20221209102648.0
010 ## - LCCN (DPL NO)
LC control number ENG-120450 ENG-135795
020 ## - INTERNATIONAL STANDARD BOOK NUMBER
International Standard Book Number 9789386689368
Terms of availability 1125.00
035 ## - SYSTEM CONTROL NUMBER
System control number EN-103982
035 ## - SYSTEM CONTROL NUMBER
System control number EN-119327
037 ## - SOURCE OF ACQUISITION
Source of stock number/acquisition DBAD/PUB
082 ## - DEWEY DECIMAL CLASSIFICATION NUMBER
Classification number 809.93358
245 ## - TITLE STATEMENT
Title Crossing borders :
Statement of responsibility, etc edited by Tapan Basu [and] Tasneem Shahnaaz
Remainder of title essay on literature, culture and society in honour of Amritjit singh /
260 ## - PUBLICATION, DISTRIBUTION, ETC. (IMPRINT)
Place of publication, distribution, etc Telangana
Name of publisher, distributor, etc Orient Black Swan
Date of publication, distribution, etc 2017
270 ## - ADDRESS
Address 3-6-752,Himayantnagar ,Hyderabad
City Telangana
Postal code 500029
300 ## - PHYSICAL DESCRIPTION
Extent xxi,353p.
Dimensions 24cm(Hb)
500 ## - GENERAL NOTE
General note Includes index
700 ## - ADDED ENTRY--PERSONAL NAME
Personal name Basu, Tapan
700 ## - ADDED ENTRY--PERSONAL NAME
Personal name Shahnaaz,Tasneem
942 ## - ADDED ENTRY ELEMENTS (KOHA)
Source of classification or shelving scheme Dewey Decimal Classification
Item type English Books
Classification part 809.93358
Call number suffix CRO
Holdings
Withdrawn status Lost status Not for loan Collection code Home library Current library Date acquired Source of acquisition Cost, normal purchase price Full call number Barcode Copy number Cost, replacement price Koha item type
      Non-fiction Peshwa Road Peshwa Road 09/12/2022 DBAD/PUB 1125.00 809.93358 CRO EN-119327 2 1125.00 English Books
      Non-fiction Shahdara Branch Shahdara Branch 19/09/2017 DBAD/PUB 1125.00 809.93358 CRO EN-103982 1 1125.00 English Books

© Delhi Public Library
Hit Counter
free hit counter